Đại số tuyến tính và hình học; T2: Đại số tuyến tính và hình học Afin
Saved in:
| Main Author: | |
|---|---|
| Format: | Book |
| Language: | Undetermined |
| Published: |
Hà Nội
Giáo dục
1988
|
| Subjects: | |
| Tags: |
Add Tag
No Tags, Be the first to tag this record!
|
| Institutions: | Trung tâm Học liệu Trường Đại học Cần Thơ |
|---|
| LEADER | 00658nam a2200193Ia 4500 | ||
|---|---|---|---|
| 001 | CTU_1199 | ||
| 008 | 210402s9999 xx 000 0 und d | ||
| 082 | |a 512.5 | ||
| 082 | |b Qu609/T2 | ||
| 100 | |a Đoàn Quỳnh | ||
| 245 | 0 | |a Đại số tuyến tính và hình học; T2: Đại số tuyến tính và hình học Afin | |
| 245 | 0 | |c Đoàn Quỳnh; Biên soạn: Hoàng Xuân Sính | |
| 260 | |a Hà Nội | ||
| 260 | |b Giáo dục | ||
| 260 | |c 1988 | ||
| 526 | |a Đại số tuyến tính nâng cao | ||
| 526 | |b SPT610 | ||
| 650 | |a algebras, linear,geometry | ||
| 980 | |a Trung tâm Học liệu Trường Đại học Cần Thơ | ||